2econd 2ight 2eer (that was fun, goodbye.) - Will Wood Lyrics - Statistics

General Stats
  • This quiz has been taken 14 times
    11 since last reset
  • The average score is 323 of 441
Answer Stats
Lyrics % Correct
a
100%
A
100%
also
100%
An
100%
and
100%
And
100%
but
100%
But
100%
do
100%
go
100%
I
100%
it
100%
it,
100%
kind
100%
kinda
100%
me
100%
My
100%
my
100%
no,
100%
no-
100%
no
100%
still
100%
to
100%
To
100%
wanted
100%
was
100%
you
100%
be
86%
can
86%
devil
86%
different
86%
different,
86%
fault
86%
feet
86%
for
86%
from
86%
I'm
86%
in
86%
it's
86%
made
86%
move
86%
not
86%
of
86%
reality,
86%
that
86%
the
86%
The
86%
what
86%
when
86%
with
86%
With
86%
am
71%
at
71%
boat
71%
booth
71%
by
71%
chew,
71%
confession
71%
crazy,
71%
curiosity
71%
cut
71%
disco
71%
down
71%
falls
71%
free
71%
free!
71%
fun,
71%
going
71%
good
71%
goodbye!
71%
got
71%
groove,
71%
H.A.L.T.,
71%
hard
71%
heart
71%
is
71%
lose
71%
lungs
71%
may
71%
maybe
71%
meat
71%
mind
71%
on
71%
out
71%
pillar
71%
rhythm
71%
row,
71%
salt,
71%
Screaming
71%
see?
71%
see
71%
slip
71%
swallow
71%
Take
71%
take
71%
through
71%
top
71%
up
71%
wake
71%
well,
71%
Well,
71%
what's
71%
who
71%
as-
57%
babe
57%
Baby,
57%
bad,
57%
beat
57%
can't
57%
Come
57%
compass
57%
dance
57%
didn't
57%
dream,
57%
dream
57%
find
57%
floorboards,
57%
grip
57%
I'd
57%
If
57%
if
57%
ignore
57%
just
57%
moral
57%
morbid
57%
More
57%
more
57%
new
57%
Now
57%
Oh,
57%
oh,
57%
o-o-oh
57%
over
57%
pointing
57%
psycho,
57%
respect
57%
secrets
57%
set
57%
slipping
57%
south,
57%
speaking
57%
than
57%
then
57%
thing
57%
tongues
57%
true,
57%
under
57%
while
57%
afraid
43%
all
43%
amicable
43%
animal,
43%
back
43%
better
43%
bored
43%
call
43%
cannibal
43%
clever
43%
commit
43%
days
43%
dead-
43%
defined
43%
die
43%
'em,
43%
ever
43%
eye's
43%
facts
43%
forever
43%
Forget
43%
front
43%
getting
43%
glad
43%
hallucinations,
43%
hate
43%
headed
43%
How
43%
illusions,
43%
keep
43%
knew
43%
knew,
43%
know
43%
let
43%
level-
43%
like
43%
look
43%
lucid
43%
madman
43%
mannered
43%
meaning
43%
mild-
43%
mortis,
43%
much
43%
one
43%
only
43%
open
43%
passing
43%
plug
43%
poetry
43%
pretty
43%
pull
43%
rather
43%
rhymes,
43%
rigor
43%
saw
43%
sick
43%
Some
43%
stiff,
43%
such
43%
There
43%
things
43%
third
43%
this
43%
time
43%
use
43%
versa,
43%
versus
43%
Vice
43%
vice
43%
wasn't
43%
yeah
43%
You'd
43%
choose
29%
make
29%
off
29%
virtue
29%
ah!
14%
tourist
14%
No matching quizzes found
Score Distribution
Percent of People with Each Score
Percentile by Number Answered
Your Score History
You have not taken this quiz since the last reset